| 000 | 00848nam a2200181Ia 4500 | ||
|---|---|---|---|
| 008 | 151202s9999||||xx |||||||||||||| ||und|| | ||
| 082 | _bPNVM-73701 | ||
| 100 | _aकलाम अब्दुल/अनु.अंबिके मनोज. | ||
| 245 | _aगव्हर्नन्स फॉर ग्रोथ इन इंडिया. | ||
| 260 | _b"मिरर पब्लिशिंग,पुणे." | ||
| 260 | _c73701 | ||
| 300 | _a160 | ||
| 600 | _aकलाम अब्दुल/अनु.अंबिके मनोज. | ||
| 630 | _aगव्हर्नन्स फॉर ग्रोथ इन इंडिया. | ||
| 700 | _aकलाम अब्दुल/अनु.अंबिके मनोज. | ||
| 730 | _aगव्हर्नन्स फॉर ग्रोथ इन इंडिया. | ||
| 942 | _cBOOK | ||
| 999 |
_c1340364 _d1340361 |
||